Konkurzný vyrovnávací a odporovací poriadok (zákon zo dňa 27. marca 1931. č. 64 Sb. a n. s vládnymi nariadeniami a predpismi o súdnych poplatkoch v konkurznom a vyrovnávacom pokračovaní podľa zák. zo dňa 16. júla 1931, č. 120 Sb. z. a n.)

Bibliographic Details
Main Author: Karmán, Július (Author)
Format: Book
Language:Slovak
PhysicalDescription:464 s. 8°
Published: Bratislava Academia 1931
Series:Sbierka zákonov Academie zv. 5
Subjects:

MARC

LEADER 00000nam a2200000 a 4500
001 vtls001471725
003 SK-MaSNL
005 20260301122024.0
008 240315s1931 xo 0 slo
015 |a SNBA19191938-004797 
035 |a SNK000427028 
040 |a SNK  |b slo  |c SNK  |e AACR2 
041 0 |a slo 
044 |a xo  |c SK 
080 |a 347.9  |2 1981 
100 1 |a Karmán, Július  |4 aut  |9 303696 
245 1 |a Konkurzný vyrovnávací a odporovací poriadok  |b (zákon zo dňa 27. marca 1931. č. 64 Sb. a n. s vládnymi nariadeniami a predpismi o súdnych poplatkoch v konkurznom a vyrovnávacom pokračovaní podľa zák. zo dňa 16. júla 1931, č. 120 Sb. z. a n.)  |c sprac., výkladom a judikatúrou opatril Július Karmán 
260 |a Bratislava  |b Academia  |c 1931  |e Český Těšín  |f Karel Prochaska 
300 |a 464 s.  |c 8° 
490 0 |a Sbierka zákonov Academie  |v zv. 5 
500 |a Tab. Rubriky pre pozn. 
500 |a Rozl. tit. list 
504 |a Zoznam právn. vyd. 
650 0 7 |a právo  |x poplatky súdne  |2 SNK  |9 466977 
655 7 |a zákony  |2 SNK  |9 70186 
958 |a OND 
958 |a RK 
958 |a TL 
999 |c 731381  |d 733311 
952 |t P60, <04>, [BOOK], {604}  |a SNK  |b SNK  |y VYP  |7 0  |p 17A0423784  |o snkSD 885/5 D1  |0 0  |1 0  |4 0  |d 2004-03-23  |l 0  |r 2005-01-02 00:00:00  |w 2026-02-23